000 00873cam a22002532 4500
001 0000021146
005 20151217152226.0
008 120116s xx 000 0 eng d
020 _a8182743878 :
040 _aKABU
_cKABU
245 1 0 _aDisaster management and sustainabe development :
_bemerging issues and concerns /
_cedited by Rajesh Anand, N. C. Jana, Sudhir Singh.
250 _a1st ed.
260 _aNew Delhi :
_bPentagon,
_c2009.
300 _axxi, 229 p.
650 0 _aEmergency management
_zIndia.
_@0000181864
650 0 _aNatural disaster
_zIndia.
_@0000181865
650 0 _aSustainable development
_zIndia.
_@0000167263
700 1 _aJana, N. C.
_@0000181866
700 1 _aSingh, Sudhir.
_@0000181867
700 1 _aAnand, Rajesh.
_@0000181868
852 1 _9p5400 KES
908 _a120116
950 _@1
999 _c9569
_d9569